000 00681nam a2200277Ia 4500
008 210210b2007 xxu||||| |||| 00| 0 eng d
020 _a9788190148184
041 _aeng
082 _a398.22 POOE
100 _aPOOJARY (Shankar Narayana D) Tr
245 _aEpic of the warriors: an English tranlation of the Koti Chennaya pardana
260 _aChennai
_bNational Folkore Support Centre
_c2007
300 _a414
650 _awarriors:
650 _atranlation
650 _athe
650 _aPardana
650 _aof
650 _aKoti
650 _aEpic
650 _aEnglish
650 _aChennaya
650 _aan
690 _aFolklore
906 _a064680
999 _c142869
_d142869